Statistiques concernant Pays avec un ou plusieurs V

Cliquez ici pour prendre le quiz!

Statistiques générales

  • Ce quiz a été pris 317 fois
  • Le résultat moyen est 11 sur 20

Statistiques - réponses

Nombre de V Pays % Correct
VVenezuela
99%
VVanuatu
86%
VVatican
82%
VViêt Nam
77%
VNouvelle-Zélande
66%
VSlovaquie
62%
VSlovénie
61%
VTuvalu
59%
VSaint-Vincent-et-les-Grenadines
58%
VNorvège
57%
VBolivie
48%
VBosnie-Herzégovine
48%
VMoldavie
47%
VPapouasie-Nouvelle-Guinée
46%
VSaint-Christophe-et-Niévès
39%
VKosovo
36%
VSalvador
34%
VMaldives
34%
VCap-Vert
34%
VCôte d'Ivoire
26%

Distribution des résultats

Percentile by Number Answered

% des personnes avec chaque résultat

Votre développement - résultats

Vous n’avez pas pris ce quiz